| 000 | 00315nam a2200097Ia 4500 | ||
|---|---|---|---|
| 008 | 160725s9999 xx 000 0 und d | ||
| 100 | _aJimenez, Ana Maria Y. | ||
| 245 | _aSimulation as a learning strategy in nursing education. | ||
| 260 |
_bKaizen Research Journal College of Nursing _cMarch 2013 |
||
| 650 | _aNURSING | ||
| 999 |
_c298036 _d298036 |
||